| 000 | 01376nam a2200385Ia 4500 | ||
|---|---|---|---|
| 001 | ebr10742468 | ||
| 003 | CaPaEBR | ||
| 006 | m o u | ||
| 007 | cr cn||||||||| | ||
| 008 | 951005s1996 nyu sb 001 0 eng d | ||
| 010 | _z 95045006 | ||
| 020 | _z9780801482977 | ||
| 020 | _z9780801470011 | ||
| 020 | _z0801432057 (alk. paper) | ||
| 020 | _z0801482976 (pbk. : alk. paper) | ||
| 040 |
_aCaPaEBR _cCaPaEBR |
||
| 035 | _a(OCoLC)604992264 | ||
| 050 | 1 | 4 |
_aD21.3 _b.W27 1996eb |
| 082 | 0 | 4 |
_a303.6/4 _220 |
| 100 | 1 |
_aWalt, Stephen M., _d1955- |
|
| 245 | 1 | 0 |
_aRevolution and war _h[electronic resource] / _cStephen M. Walt. |
| 260 |
_aIthaca, NY : _bCornell University Press, _c1996. |
||
| 300 | _ax, 365 p. | ||
| 440 | 0 | _aCornell studies in security affairs | |
| 504 | _aIncludes bibliographical references and index. | ||
| 533 |
_aElectronic reproduction. _bPalo Alto, Calif. : _cebrary, _d2013. _nAvailable via World Wide Web. _nAccess may be limited to ebrary affiliated libraries. |
||
| 650 | 0 | _aWorld politics. | |
| 650 | 0 |
_aRevolutions _xHistory. |
|
| 650 | 0 | _aWar. | |
| 650 | 0 |
_aRevolutions _xPhilosophy. |
|
| 650 | 0 | _aPolitics and war. | |
| 655 | 7 |
_aElectronic books. _2local |
|
| 710 | 2 | _aebrary, Inc. | |
| 856 | 4 | 0 |
_uhttp://site.ebrary.com/lib/rucke/Doc?id=10742468 _zAn electronic book accessible through the World Wide Web; click to view |
| 999 |
_c35354 _d35354 |
||